Sports Quiz

Random Sports or Football Quiz

Franchise Relocation Logo Match Quiz Stats

 Plays Quiz Updated Apr 19, 2019

Score 0/42 Timer 04:00
27 Plays Today
% Correct
H21
Seattle SuperSonics <
93.9%
H21
Oklahoma City Thunder <
93.9%
I17
Minneapolis Lakers <
92.2%
I17
Los Angeles Lakers <
92.2%
R8
St. Louis Rams <
91%
R8
Los Angeles Rams <
91%
D12
Philadelphia Warriors <
84.5%
D12
San Francisco Warriors <
84.5%
J1
Winnipeg Jets <
82.3%
J1
Phoenix Coyotes <
82.3%
S9
Montreal Expos <
82%
S9
Washington Nationals <
82%
F3
Kansas City Athletics <
81.4%
F3
Oakland Athletics <
81.4%
U14
Boston Redskins <
79.5%
U14
Washington Redskins <
79.5%
A7
Quebec Nordiques <
73.4%
A7
Colorado Avalanche<
73.4%
C6
Hartford Whalers <
71.1%
C6
Carolina Hurricanes <
71.1%
N16
Atlanta Thrashers <
69.9%
% Correct
N16
Winnipeg Jets <
69.9%
O19
Texas Chaparrals <
67.5%
O19
San Antonio Spurs <
67.5%
E18
Atlanta Flames <
67%
E18
Calgary Flames <
67%
G2
San Diego Clippers <
66.7%
G2
Buffalo Braves <
66.7%
B11
Seattle Pilots <
66.6%
B11
Milwaukee Brewers <
66.6%
K20
St. Louis Browns <
64.3%
K20
Baltimore Orioles <
64.3%
Q10
Detroit Pistons <
63.9%
Q10
Fort Wayne Pistons <
63.9%
T5
Washington Senators <
60.3%
T5
Texas Rangers <
60.3%
L4
Colorado Rockies <
60.2%
L4
New Jersey Devils <
60.2%
M15
Washington Senators <
59.6%
M15
Minnesota Twins <
59.6%
P13
Dallas Texans <
57.8%
P13
Kansas City Chiefs <
57.8%

You're not logged in!

Compare scores with friends on all Sporcle quizzes.
OR
Log In

Show Comments

Extras

Top Quizzes Today


Score Distribution

Your Account Isn't Verified!

In order to create a playlist on Sporcle, you need to verify the email address you used during registration. Go to your Sporcle Settings to finish the process.

Report this User

Report this user for behavior that violates our Community Guidelines.

Details: